000 00812na a2200265 4500
001 20284
003 MIRAKIL
005 20181213155128.0
008 170117b tu 000 0
020 _a9789750064951
035 _a17115
040 _aMilas
_btur
_cTR-AnCHP
041 _atur
082 _a341.242
_bG95t 2008
090 _a341.242 G95t 2008
100 _aGünuğur, Haluk
245 _aTürkiye Avrupa Birliği ilişkileri
_cHaluk Günuğur
260 _aAnkara
_bAvrupa Ekonomik Danışma Merkezi (EKO)
_c2008
300 _a496 s.
_c24 sm.
490 _aBilim serisi
_v3
650 _aUluslararası ilişkiler
_xAvrupa Birliği
_zTürkiye
650 _aUluslararası anlaşmalar
_xAvrupa Birliği
_zTürkiye
650 _aUluslararası hukuk
_xAvrupa Birliği
_zTürkiye
942 _2ddc
_cBKS
999 _c7113
_d7113